Reglamento Interno de la Comisión Nacional de Derechos Humanos = Itic in amatl notocayotia can quitenochilian tlacame ihuan quiyectlalian aquin tlacatl quinequiz /

Gespeichert in:
Bibliographische Detailangaben
Körperschaft: México. Comisión Nacional de Derechos Humanos
Format: Buch
Sprache:Englisch
Veröffentlicht: México : Comisión Nacional de Derechos Humanos, 1990, c1990
Tags: Tag hinzufügen
Keine Tags, Fügen Sie das erste Tag hinzu!

MARC

LEADER 00000nam^a2200000^a^4500
001 000437029
005 20250526000000.0
009 20260310123211.891
020 |a 968-805-583-2 
037 |a Acervo ITESO - Biblioteca 
041 |a ING 
091 |a FHM. 08366 
110 |a México.  |b Comisión Nacional de Derechos Humanos 
245 1 0 |a Reglamento Interno de la Comisión Nacional de Derechos Humanos =  |b Itic in amatl notocayotia can quitenochilian tlacame ihuan quiyectlalian aquin tlacatl quinequiz / 
264 4 |a México :  |b Comisión Nacional de Derechos Humanos,  |c 1990, c1990 
300 |a 79 p. ;  |c 26.0 cm. 
336 |a texto  |b txt  |2 rdacontenido 
337 |a sin mediación  |b n  |2 rdamedio 
338 |a volumen  |b nc  |2 rdasoporte 
649 |a XX 
910 |a Fondo Hugo B. Margáin 
920 |a Impresos - Libros 
930 |a Libros Antiguos y Raros 
905 |a 126 
901 |a 0500313235  |b IT2  |c LRA  |i D116465  |u 20250526 
902 |a https://opac.biblio.iteso.mx/vufind/Record/000437029